| 000 | 00624nam a22002177a 4500 | ||
|---|---|---|---|
| 003 | OSt | ||
| 005 | 20170317080001.0 | ||
| 008 | 130920t xxu||||| |||| 00| 0 eng d | ||
| 020 | _a9812555897 | ||
| 050 |
_aTR 428 _bTa55 2006 |
||
| 082 |
_aGS 428 _bT15-wb5 2006 |
||
| 100 |
_aTan, Cheng Lim _921427 |
||
| 245 |
_aLearning English : _bworkbook 5 / _cCheng Lim Tan |
||
| 260 |
_aSingapore : _bSingapore Asian Publications, _c2006. |
||
| 300 |
_a185 p. ; _c27 cm. |
||
| 650 |
_aEnglish language _xStudy and teaching _921054 |
||
| 650 |
_aGrammar _91590 |
||
| 650 |
_aVocabulary _92460 |
||
| 942 |
_2ddc _cBK |
||
| 999 |
_c11759 _d11759 |
||